Sports Quiz

Random Sports or Football Quiz
Score 0/30 Timer 03:00
0 Plays Today
% Correct
Liverpool
80.8%
London
80.3%
Istanbul
77.7%
Lisbon
77.4%
Glasgow
77.2%
Turin
76.8%
Rome
74.2%
Rotterdam
70.4%
Belgrade
70.4%
Athens
70%
Foxborough
68.6%
Gelsenkirchen
68.5%
Copenhagen
67.5%
Edinburgh
65.8%
Buenos Aires
64.4%
% Correct
Cairo
64.3%
Bern
61.8%
Mexico City
56.6%
Genoa
55.8%
Enschede
52.6%
Dublin
48.8%
Thessaloniki
48.5%
São Paulo
44.9%
San Sebastian
43.3%
Rio de Janeiro
43%
Valencia
41.2%
Madrid
38.9%
Pamplona
37.8%
Piraeus
36.5%
La Plata
34.1%
Remove Ads.
Support Sporcle.
Get the best of Sporcle when you Go Orange. This ad-free experience offers more features, more stats, and more fun while also helping to support Sporcle. Thank you for becoming a member.

You're not logged in!

Compare scores with friends on all Sporcle quizzes.
OR
Log In

Show Comments

Extras

Top Quizzes Today


Score Distribution

Your Account Isn't Verified!

In order to create a playlist on Sporcle, you need to verify the email address you used during registration. Go to your Sporcle Settings to finish the process.

Report this User

Report this user for behavior that violates our Community Guidelines.

Details: